Les 30 plus gros transferts de la saison 2022/23 - Statistiques

Statistiques générales
  • Ce quiz a été pris 1 234 fois
    151 depuis la dernière actualisation
  • Le résultat moyen est 24 sur 30
Statistiques - réponses
Pays Club de départ Club d'arrivée Montant Joueur % Correct
France AS Monaco Real Madrid 80M€ Aurélien Tchouaméni
97%
Brésil Ajax Manchester United 95M€ Antony
96%
Brésil Real Madrid Manchester United 70M€ Casemiro
96%
Uruguay SL Benfica Liverpool 85M€ Darwin Núñez
96%
Argentine SL Benfica Chelsea 121M€ Enzo Fernández
95%
Argentine River Plate SL Benfica 44M€ Enzo Fernández
95%
Norvège Borussia Dortmund Manchester City 60M€ Erling Haaland
94%
Ukraine Shakhtar Donetsk Chelsea 70M€ Mykhaylo Mudryk
92%
Suède Real Sociedad Newcastle 70M€ Alexander Isak
91%
France FC Séville FC Barcelone 50M€ Jules Koundé
91%
Brésil Leeds United FC Barcelone 58M€ Raphinha
91%
Pologne Bayern Munich FC Barcelone 45M€ Robert Lewandowski
89%
Brésil Manchester City Arsenal 52M€ Gabriel Jesus
85%
Brésil Olympique Lyonnais West Ham 42M€ Lucas Paquetá
85%
Pays-Bas Juventus Bayern Munich 67M€ Mattijs de Ligt
85%
France Leicester Chelsea 80M€ Wesley Fofana
85%
Portugal FC Porto PSG 41M€ Vitinha
83%
Espagne Brighton Chelsea 65M€ Marc Cucurella
80%
Brésil Everton Tottenham 58M€ Richarlison
80%
Angleterre Manchester City Chelsea 56M€ Raheem Sterling
76%
Sénégal SSC Napoli Chelsea 42M€ Kalidou Koulibaly
75%
Argentine Ajax Manchester United 57M€ Lisandro Mártinez
75%
Pays-Bas PSV Eindhoven Liverpool 42M€ Cody Gakpo
71%
Brésil Torino Juventus 46M€ Bremer
63%
Argentine Atalanta Bergame Tottenham 52M€ Cristian Romero
61%
Angleterre Leeds United Manchester City 49M€ Kalvin Phillips
60%
Italie Fiorentina Juventus 44M€ Frederico Chiesa
59%
Angleterre Everton Newcastle 45M€ Anthony Gordon
53%
France TSG Hoffenheim Leeds United 40M€ Georginio Rutter
48%
Portugal Sporting CP Wolverhampton 47M€ Matheus Nunes
37%
Aucun quiz correspondant
Distribution des résultats
% des personnes avec chaque résultat
Percentile par nombre de réponses
Votre historique - résultats
Vous n’avez pas pris ce quiz depuis la dernière actualisation